Drainage areas, Hartford north quadrangle, Connecticut /

Saved in:
நூற்பட்டியல் விவரங்கள்
தலைமை எழுத்தாளர்: Thomas, M. P. 1908-
குழும எழுத்தாளர்: Connecticut. Department of Environmental Protection.
வடிவம்: வரைபடம்
மொழி:English
வெளியீடப்பட்டது: Washington, D.C. : U.S. Geological Survey, 1972.
தொகுதி:Miscellaneous investigations series (Geological Survey (U.S.)) ; map I-784 J.
பகுதிகள்:
குறியீடுகள்: குறிச்சொல் இணை
குறியீடுகள் இல்லை, இந்த குறிச்சொல்லை முதலில் பதிவு செய்யுங்கள்!
LEADER 01487nem a2200325Ia 4500
001 007085196-4
005 20020606163548.3
008 931014s1972 dcuk a f 0 eng d
034 1 |a a  |b 24000  |d W0724500  |e W0723730  |f N0415230  |g N0414500 
035 0 |a ocm29011869 
040 |a AZU  |c AZU  |d MCS 
052 |a 3784  |b H3 
090 |a G3701s  |b .C5 var, U52, I-784 J 
100 1 |a Thomas, M. P.  |q (Mendall Patterson),  |d 1908- 
245 1 0 |a Drainage areas, Hartford north quadrangle, Connecticut /  |c by Mendall P. Thomas ; compled from data gathered in cooperation with the Connecticut Department of Environmental Protection. 
246 3 |a Hartford north quadrangle, Connecticut. 
255 |a Scale 1:24,000  |c (W 72⁰45ʹ--W 72⁰37ʹ30ʺ/N 41⁰52ʹ30ʺ--N 41⁰45ʹ) 
260 |a Washington, D.C. :  |b U.S. Geological Survey,  |c 1972. 
300 |a 1 map :  |b col. ;  |c 58 x 44 cm., on sheet 74 x 107 cm. 
490 1 |a Folio of the Hartford North quadrangle, Connecticut 
490 1 |a Miscellaneous investigations series ;  |v map I-784 J 
500 |a Depths shown by contours. 
500 |a Includes location map. 
650 0 |a Drainage  |z Connecticut  |z Hartford Region  |v Maps. 
651 0 |a Hartford Region (Conn.)  |v Maps. 
710 1 |a Connecticut.  |b Department of Environmental Protection. 
810 2 |a Geological Survey (U.S.).  |t Folio of the Hartford North quadrangle. 
830 0 |a Miscellaneous investigations series (Geological Survey (U.S.)) ;  |v map I-784 J. 
988 |a 20020608 
906 |0 OCLC